000 01209aam a2200337 i 4500
001 14386
003 CO-MdFUSB
005 20230901095418.0
007 ta
008 230824t19811982sp o|||g |||| 00| 0 spa d
020 _a843203648X
040 _bspa
_aCO-MdFUSB
_cCO-MdFUSB
_dCO-MdFUSBC
_erda
041 _aspa
082 0 4 _223
_a232.966
_bS8471d
100 _aStevenson, Kenneth E.
_eautor
245 1 0 _aDictamen sobre la sábana de Cristo
_b: un inesperado testimonio de la muerte y resurrección de Jesucristo
_c/ Kenneth E. Stevenson, Gary R. Habermas ; José Luis Carreño Etxeandía, Traductor
264 1 _aBarcelona, España :
_bPlaneta,
_c1982
264 4 _c©1981
300 _a241 páginas
_c; 20 cm
336 _atexto
_btxt
_2rdacontent
337 _2rdamedia
_asin mediación
_bn
338 _2rdacarrier
_avolumen
_bnc
490 _aColección Documento
504 _aIncluye índice
505 _aLos hechos acerca del Lienzo de Turín -- Conclusiones derivadas de los hechos -- La trascendencia de la Sábana de Cristo
563 _aRústico
653 _aReliquias -- Pasión de Jesucristo
700 _98411
_aHabermas, Gary R.
_eautor
942 _cBK
945 _aAF
999 _c43256
_d43256